Estatísticas para Países da América do Norte e do Sul

Clique aqui para jogar o quiz

Estatísticas Gerais

  • Esse quiz foi jogado 44 vezes
  • A pontuação média é 14 de 15

Estatísticas das Respostas

Resposta% Correto
Brasil
100%
Canadá
100%
Estados Unidos
100%
México
100%
Uruguai
100%
Argentina
98%
Colômbia
98%
Venezuela
98%
Equador
95%
Jamaica
90%
El Salvador
83%
Honduras
83%
Nicarágua
81%
Barbados
79%
Guatemala
79%

Distribuição das Pontuações

Percentil de Números Respondidos

Porcentagem de Pessoas com Cada Pontuação

Sua Pontuação Histórica

Você não jogou esse quiz